|
|
|
|
| LEADER |
00000nam a2200000 a 4500 |
| 001 |
UCV6449 |
| 003 |
CL-VaPUC |
| 008 |
920915e19840000US |||||||||||||||||eng|d |
| 082 |
0 |
4 |
|a 629.831
|b ELH
|2 21
|
| 100 |
|
|
|a El-Hawary, Mohamed E
|e author
|9 468176
|
| 245 |
1 |
0 |
|a Control system engineering
|
| 300 |
|
|
|a 593 p
|
| 942 |
|
|
|c BK
|
| 945 |
|
|
|d 19920915 00:00:00
|
| 260 |
|
|
|a Reston
|b Reston
|c 1984
|
| 650 |
|
0 |
|a Teoría del control
|9 260349
|
| 650 |
|
0 |
|a Control automático
|9 259890
|
| 650 |
|
0 |
|a Ingeniería de sistemas
|9 261019
|
| 583 |
|
|
|a last modification
|c 20120719 11:54:34
|k Rodrigo Vera
|
| 999 |
|
|
|c 212517
|d 212515
|
| 952 |
|
|
|0 0
|1 0
|4 0
|6 629_831000000000000_ELH_1984
|7 0
|8 A
|9 193557
|a BIBING
|b BIBING
|d 2019-11-14
|i 2614723
|o 629.831 ELH 1984
|p 2614723
|r 2025-01-20
|w 2019-11-14
|y BK
|k EIE
|